| 000 | 00729nam a2200133Ia 4500 | ||
|---|---|---|---|
| 008 | 220615s9999||||xx |||||||||||||| ||und|| | ||
| 022 | _a16648714 | ||
| 100 | _aShin Haruta||Hiroyuki Futamata||Yasuhisa Saito | ||
| 245 | 0 | _aDevelopment of Microbial Ecological Theory: Stability, Plasticity, and Evolution of Microbial Ecosystems | |
| 546 | _aEnglish[eng] | ||
| 650 | _aecological theory||self-organization||complex systems||simulation||mathematical modeling||interspecies interaction||Microbial ecosystems||evolution||resilience||Dynamic equilibrium | ||
| 856 | _uhttp://journal.frontiersin.org/researchtopic/2075/development-of-microbial-ecological-theory-stability-plasticity-and-evolution-of-microbial-ecosystem | ||
| 942 | _cEB | ||
| 999 |
_c16766 _d16766 |
||